000 00562nam a2200205Ia 4500
003 LK-CoDNM
005 20241217131310.0
008 121010t1962 xxu||||| |||| 00| 0 sin d
040 _aLK-CoDNM
_dLK-CoDNM
_eLK-CoDNM
041 _asin
080 _aX8S1
_bPAR
100 _aParanavithana .S
245 _aසීගිරි ගී වියරණ
246 _aSigiri Gee Viyarana
260 _bRajjya Basha Departhamenthuva
_aColombo 07
_c1962
300 _b269p. ; 21 cm
650 _a1962
650 _aපුරාතන පද්‍ය
942 _cBK
999 _c76958
_d76958